Tax Aggressiveness and Firm Value: Evidence From Industrial Goods Companies on the Nigerian Exchange Group

Vzťah medzi daňovou agresivitou a pevnou hodnotou spoločností s priemyselným tovarom kótovaných na pôde nigérijskej burzy v rokoch 2006-2020. Metóda účtovnej a daňovej medzery ako nástroj posudzovania tohoto prepojenia. Negatívny vplyv daňovej agresie na hodnoty firmy.

Gespeichert in:
Bibliographische Detailangaben
1. Verfasser: Mieseigha, Ebipanipre Gabriel
Weitere Verfasser: Okewale, Joel Adeniyi
Format: Buchkapitel
Sprache:Englisch
Schlagworte:
Tags: Tag hinzufügen
Keine Tags, Fügen Sie das erste Tag hinzu!

MARC

LEADER 00000naa a2200000 4500
001 0283815
005 20240417075206.2
041 0 |a eng 
044 |a SK 
245 1 0 |a Tax Aggressiveness and Firm Value: Evidence From Industrial Goods Companies on the Nigerian Exchange Group  |c Ebipanipre Gabriel Mieseigha, Joel Adeniyi Okewale 
520 |a Vzťah medzi daňovou agresivitou a pevnou hodnotou spoločností s priemyselným tovarom kótovaných na pôde nigérijskej burzy v rokoch 2006-2020. Metóda účtovnej a daňovej medzery ako nástroj posudzovania tohoto prepojenia. Negatívny vplyv daňovej agresie na hodnoty firmy. 
610 2 0 |a hodnota podniku 
610 2 0 |a sadzby daňové 
610 2 0 |a dane 
610 2 0 |a dlhy 
610 2 0 |a burzy 
610 2 0 |a tovar priemyselný 
100 1 |a Mieseigha, Ebipanipre Gabriel 
700 1 |a Okewale, Joel Adeniyi